00480cam a22001692 4500001001100000005001700011008004100028020001700069040001500086245003300101250001300134260004100147300001800188650004800206650005300254852000300307000001841020151217161144.0091028s xx 000 0 eng d a0550100725 : aKABUcKABU10aChambers concise dictionary. a1st ed. aEdinburgh :bChambers Harrap,c2004. axiv, 1458 p. 0aEnglish languagevDictionaries.@0000148334 0aEnglish languagexTerms and phrases.@00001776461